| 000 | 00911nam a22002898i 4500 | ||
|---|---|---|---|
| 001 | 021129242 | ||
| 003 | EG-ScBUE | ||
| 005 | 20260216100834.0 | ||
| 008 | 230703s2023 enk f b 001 0 eng d | ||
| 020 | _a9781785120459 | ||
| 040 |
_aStDuBDS _beng _erda _cStDuBDS _dEG-ScBUE |
||
| 082 | 0 | 4 |
_a158.1 _222 _bSTU |
| 100 | 1 |
_aStulberg, Brad, _eauthor. |
|
| 245 | 1 | 0 |
_aMaster of change : _bhow to excel when everything is changing - including you / _cBrad Stulberg. |
| 264 | 1 |
_aLondon : _bHeligo Books, _c2023. |
|
| 300 |
_a320 pages ; _c22 cm |
||
| 336 |
_atext _2rdacontent _btxt |
||
| 337 |
_aunmediated _2rdamedia _bn |
||
| 338 |
_avolume _2rdacarrier _bnc |
||
| 504 | _aIncludes bibliographical references and index. | ||
| 650 | 7 |
_aSuccess. _2BUEsh |
|
| 650 | 7 |
_aChange (Psychology) _2BUEsh |
|
| 653 |
_cFebruary2026 _bHHUUPPSS |
||
| 655 | _vReading book | ||
| 942 |
_2ddc _cBB |
||
| 999 |
_c31134 _d31105 |
||